MARC

LEADER 00000nam0a2200000 4500
001 260936
005 20231101233524.0
020 |a RU  |b 84-22401 
035 |a (RuTPU)RU\TPU\book\283907 
090 |a 260936 
100 |a 20140519d1984 km y0rusy5003 ca 
101 0 |a rus 
102 |a RU 
105 |a a g 001zy 
200 1 |a Справочное руководство по физике  |e для поступающих в вузы и самообразования  |f Б. М. Яворский, Ю. А. Селезнев 
205 |a 3-е изд., испр. 
210 |a Москва  |c Наука  |d 1984 
215 |a 383 с.  |c ил. 
320 |a Предм. указ.: с. 376-383. 
606 1 |a Физика  |2 stltpush  |3 (RuTPU)RU\TPU\subj\63709  |9 80688 
610 1 |a механика 
610 1 |a кинематика 
610 1 |a закон Ньютона 
610 1 |a статика 
610 1 |a работа 
610 1 |a механическая энергия 
610 1 |a молекулярная физика 
610 1 |a термодинамика 
610 1 |a идеальные газы 
610 1 |a электродинамика 
610 1 |a электростатика 
610 1 |a электрический ток 
610 1 |a электромагнитная индукция 
610 1 |a колебания 
610 1 |a волны 
610 1 |a оптика 
610 1 |a спектры 
610 1 |a квантовая оптика 
610 1 |a атомная физика 
610 1 |a ядерная физика 
610 1 |a элементарные частицы 
610 1 |a справочники 
675 |a 53(035.5)  |z rus  |v 3 
700 1 |a Яворский  |b Б. М.  |g Борис Михайлович  |4 070 
701 1 |a Селезнев  |b Ю. А.  |g Юрий Александрович  |4 070 
801 0 |a RU  |b RuMRKP  |c 19950704  |g psbo 
801 1 |a RU  |b 63413507  |c 20140519 
801 2 |a RU  |b 63413507  |c 20190208  |g RCR 
942 |c BK